Diseño, construcción y evaluación de un sistema de carga para determinar la resistencia de muros
Збережено в:
| Автор: | |
|---|---|
| Формат: | Книга |
| Опубліковано: |
San José, Costa Rica
1993
|
| Предмети: | |
| Теги: |
Додати тег
Немає тегів, Будьте першим, хто поставить тег для цього запису!
|
MARC
| LEADER | 00000nam a2200000Ia 4500 | ||
|---|---|---|---|
| 003 | 005567 | ||
| 005 | 20221231144320.0 | ||
| 008 | 140114s1993 cr a m 000 ||s d | ||
| 040 | |c cru CEDI | ||
| 090 | |a TFG 2676 | ||
| 100 | |a Wexler Goering, Felipe |9 12270 | ||
| 245 | |a Diseño, construcción y evaluación de un sistema de carga para determinar la resistencia de muros | ||
| 260 | |c 1993 |a San José, Costa Rica | ||
| 300 | |a 141 hojas : ilustraciones (algunas plegables) ; | ||
| 500 | |a Proyecto de graduación (licenciatura en ingeniería civil)--Universidad de Costa Rica. Facultad de Ingeniería. Escuela de Ingeniería Civil | ||
| 650 | |x MAMPOSTERIA |x MUROS |x LOSAS DE HORMIGON |x MUROS DE HORMIGON |9 12271 | ||
| 942 | |c TFG |2 ddc | ||
| 999 | |c 20023 |d 20023 | ||
